Statistiques concernant Naruto - Bague des membres de l’Akatsuki

Cliquez ici pour prendre le quiz!

Statistiques générales

  • Ce quiz a été pris 168 fois
  • Le résultat moyen est 8 sur 10

Statistiques - réponses

Réponse% Correct
Itachi
95%
Pain | Tendô
90%
Konan
87%
Deidara
82%
Sasori | Tobi
78%
Hidan
74%
Kisame | Juzo
74%
Zetsu
73%
Kakuzu
72%
Orochimaru
62%

Distribution des résultats

Percentile par nombre de réponses

% des personnes avec chaque résultat

Votre développement - résultats

Vous n’avez pas pris ce quiz